Super Mario Bros. Enemies #3 - Statistics

General Stats
  • This quiz has been taken 25 times
  • The average score is 4 of 18
Answer Stats
Picture Answer % Correct
Ice Bro
80%
Parabones
50%
Biddybud
40%
Cataquack
40%
Bomb Boo
25%
Octoomba
25%
Para Biddybud
25%
Rabbit
25%
Big Urchin
20%
Blockstepper
20%
Gushen
20%
Ty-foo
20%
River Piranha Plant
15%
Bramble
10%
Burrbo
10%
Spiny Piranha Plant
10%
Goob
0%
Gooble
0%
No matching quizzes found
Score Distribution
Percent of People with Each Score
Percentile by Number Answered
Your Score History
You have not taken this quiz